| 000 | 01464nam a2200337 a 4500 | ||
|---|---|---|---|
| 001 | vtls001618377 | ||
| 003 | NLI | ||
| 005 | 20210628133946.0 | ||
| 008 | 121214s1931 ii ac 000 0 hin | ||
| 039 | 9 |
_y201212141929 _zVLOAD |
|
| 040 |
_aNLI _bhineng _cDatasoft_Hindi _eAACR2 |
||
| 041 | 1 | _ahin | |
| 044 | _a ii | ||
| 084 | 0 | 4 | _a181 |
| 100 | 1 |
_6880-01 _aगुप्त, उपेन्द्रनाथदास |
|
| 245 | 1 | 0 |
_6880-02 _aसुई शिल्प शिक्षा / _cउपेन्द्रनाथदास गुप्त ; अनुवादक रामनारायण जायसवाल |
| 260 |
_aकलकत्ता : _bहिन्दी पुस्तक एजेन्सी, _c1931 |
||
| 300 |
_a133 p. : _bport., ill. ; _c17 cm. |
||
| 650 | 0 |
_aIndustries _9700119 |
|
| 650 | 0 |
_aManufactures _9723405 |
|
| 700 | 1 |
_6880-03 _aजायसवाल, रामनारायण, _4अनु _9676955 |
|
| 880 | 1 |
_6100-01(B _aGupta, Upendranāthadāsa |
|
| 880 | 1 | 0 |
_6245-02(B _aSuī śilpa śikṣā / _cUpendranāthadāsa Gupta ; translated by Rāmanārāyaṇa Jāyasavāla |
| 880 |
_6700-03(B _aJāyasavāla, Rāmanārāyaṇa _4trl |
||
| 887 | _a Abrar 15.03.2012 (Sandeep Singh 20.03.2012) | ||
| 901 |
_aOHI228 _b19.08.1932 |
||
| 902 | _a181 Fc 93.2 | ||
| 904 |
_cAbrar 15.03.2012 (Sandeep Singh 20.03.2012) _lO 2660 |
||
| 949 |
_AVIRTUAITEM _D10000 _X100 _6OHI000000228HIN |
||
| 942 |
_2ddc _cBKS |
||
| 999 |
_aVIRTUA40 _c1069463 _d1069463 |
||